000 00900cam a22003017a 4500
003 CHAP
005 20220817042825.0
008 971013s1993 r 00010 d
010 _a56865
011 _a57837
035 _a61992
040 _cCHAP
082 _a630
_bF32f v.26
110 _aFAO
245 1 3 _aLa situation mondiale de l'alimentation et de l'agriculture 1993
260 _aRome :
_bFAO,
_c1993
300 _a306 p.
_e+ 1 diskette 3 1/2
490 0 _aFAO. Agricultura
_v; 26
590 _aBATCH-UPD
_b10
_c20130110
_lUCH01
_h1636
590 _aBATCH-UPD
_b10
_c20130410
_lUCH01
_h1027
590 _aCONVERSION
_b10
_c20130109
_lUCH01
_h1331
650 1 4 _aAgricultura
_xEstadisticas.
_91417
650 1 4 _aAlimentos
_xAbastecimiento.
830 0 _aFAO. Agricultura
_v; 26
_939444
901 _aBK
942 _cLIBRO
949 _a630 F32f v.26
_bBC
_cFAO
_d-132965
_eFAO1
_h86816
_i61992
_si
999 _c56865
_d56865